| 000 | 01110cam a22002895a 4500 | ||
|---|---|---|---|
| 003 | EG-ScBUE | ||
| 005 | 20211118100926.0 | ||
| 008 | 100719s1988 le f 000 0 ara d | ||
| 040 |
_aEG-ScBUE _bara _erda _cEG-ScBUE _dEG-ScBUE |
||
| 082 | 0 | 4 |
_a892.709 _bش ا م _222 |
| 100 | 1 |
_aالشامي، أحمد بن محمد، _eمؤلف. _916476 |
|
| 245 | 1 | 0 |
_aنفحات .. ولفحات .. من اليمن / _cأحمد بن محمد الشامي. |
| 250 | _aالطبعة الأولى. | ||
| 264 | 1 |
_aبيروت : _bمؤسسة دار الندوة الجديدة، _c1988. |
|
| 300 |
_a556 صفحة ؛ _c24 سم |
||
| 336 |
_2rdacontent _aنص _btxt |
||
| 337 |
_2rdamedia _aبدون وسيط _bn |
||
| 338 |
_2rdacarrier _aمجلد _bnc |
||
| 541 |
_aألف باء ؛ _cشراء ؛ |
||
| 590 | _adoaa mohamed | ||
| 650 | 7 |
_916477 _aالمقالات العربية _zاليمن. _2BUEsh |
|
| 650 | 7 |
_916479 _aالأدب العربي _xتاريخ ونقد _yالعصر الحديث _zاليمن. _2BUEsh |
|
| 651 | _2BUEsh | ||
| 653 |
_cAugust2015 _bARALIT |
||
| 655 |
_vReading book _934232 |
||
| 942 |
_2ddc _cBB |
||
| 999 |
_c14513 _d14513 |
||